Vista normal Vista MARC

Entrada Topical Term

Número de registros utilizados en: 1

001 - CONTROL NUMBER

  • control field: 40800

003 - CONTROL NUMBER IDENTIFIER

  • control field: OSt

005 - DATE AND TIME OF LATEST TRANSACTION

  • control field: 20210924105904.0

008 - FIXED-LENGTH DATA ELEMENTS

  • fixed length control field: 210924|| aca||aabn | a|a d

040 ## - CATALOGING SOURCE

  • Original cataloging agency: OSt
  • Transcribing agency: OSt

150 ## - HEADING--TOPICAL TERM

  • Geographic subdivision: Colombia
  • Topical term or geographic name entry element: Sector agropecuario

670 ## - SOURCE DATA FOUND

  • Source citation: Work cat.: (OSt)12576: Jaramillo, Carlos Felipe, autor 40797, Apertura, crisis y recuperación la agricultura Colombiana entre 1990 y 1994 / , 1994.